| 000 | 00685nam a2200229 a 4500 | ||
|---|---|---|---|
| 001 | 000045687 | ||
| 003 | DO-SdBNP | ||
| 005 | 20180322154605.0 | ||
| 007 | 000045687 | ||
| 008 | 150427s2008 dr a 000 0 spa d | ||
| 020 | _a9789945408300 | ||
| 040 |
_aBPMET _bspa _cBPMET |
||
| 092 |
_axxxx _bxxxx |
||
| 100 | 1 | _aPichardo, Juanita | |
| 245 | 1 | 3 |
_aEl regalo de Gremary / _cJuanita Pichardo de Peralta ; ilustraciones Juan José Vássquez |
| 260 |
_aSanto Domingo : _bArgos, _c2008. |
||
| 300 |
_a27 p. : _bil. ; _c19 cm. |
||
| 700 |
_aVásquez, Juan José _eil. |
||
| 942 |
_2ddc _cBK |
||
| 945 | _aRemanejado para la BNPHU / 2018 VM | ||
| 956 |
_aVMATEO _b10 _c20150507 _lBPMSU _h00151 |
||
| 999 |
_c7810 _d7810 |
||